Technical Analysis of the Futures Markets / A Comprehensive Guide to Trading Methods and Applications (Record no. 1233)
[ view plain ]
| 000 -LEADER | |
|---|---|
| fixed length control field | 01216cam a22002054a 4500 |
| 005 - ΗΜΕΡΟΜΗΝΙΑ ΚΑΙ ΩΡΑ ΤΕΛΕΥΤΑΙΑΣ ΕΝΗΜΕΡΩΣΗΣ | |
| Πεδίο ελέγχου | 20250605164002.0 |
| 008 - FIXED-LENGTH DATA ELEMENTS--GENERAL INFORMATION | |
| Πεδίο ελέγχου σταθερού μήκους | 250528s ||||||||||||||||||||||||d |
| 035 ## - SYSTEM CONTROL NUMBER | |
| System control number | 15670 |
| 020 ## - ISBN | |
| ISBN | 13898008 |
| 040 ## - ΠΗΓΗ ΚΑΤΑΛΟΓΟΓΡΑΦΗΣΗΣ | |
| Φορέας πρωτότυπης καταλογογράφησης | MC Athens Campus Library |
| Γλώσσα καταλογογράφησης | Ελληνικά, Μοντέρνα (1453-) |
| Modifying agency | MC Athens Campus Library |
| Κανόνες περιγραφικής καταλογογράφησης | AACR2 |
| 245 1# - ΤΙΤΛΟΣ ΚΑΙ ΔΗΛΩΣΗ ΥΠΕΥΘΥΝΟΤΗΤΑΣ | |
| Τίτλος | Technical Analysis of the Futures Markets / A Comprehensive Guide to Trading Methods and Applications |
| 260 ## - PUBLICATION, DISTRIBUTION, ETC. | |
| Date of publication, distribution, etc. | 1986 |
| 300 ## - PHYSICAL DESCRIPTION | |
| Extent | 558 |
| 520 ## - SUMMARY, ETC. | |
| Summary, etc. | Introduction, Acknowledgements, Philosophy of Technical Analysis, Dow Theory, Chart Construction, Basic Concepts of Trend, Major Reversal Patterns, Continuation Patterns, Volume and Open Interest, Long-Term Charts and Commodity Indices, Moving Averages, Oscillators and Contrary Opinion, Intra-Day Point and Figure Charting, Three-Box Reversal and Optimized Point and Figure Charting, Elliot Wave Theory, Time Cycles, Computers and Trading Systems, Money Management and Trading Tactics, Pulling It Alll Together - A Checklist, Spread Trading and Relative Strength, The Trading of Options, W. D. Gann: Geometric Angles and Percentages, Bibliography, Index. |
| 700 1# - ΠΡΟΣΘΕΤΗ ΑΝΑΓΡΑΦΗ--ΦΥΣΙΚΟ ΠΡΟΣΩΠΟ | |
| Personal name | Murphy John J |
| 9 (RLIN) | 1635 |
| 710 2# - ΠΡΟΣΘΕΤΗ ΑΝΑΓΡΑΦΗ--ΣΥΛΛΟΓΙΚΟ ΟΡΓΑΝΟ | |
| Corporate name or jurisdiction name as entry element | New York Institute Of Finance |
| 9 (RLIN) | 9721 |
| 942 ## - ADDED ENTRY ELEMENTS (KOHA) | |
| Koha item type | Books |
| Τύπος τεκμηρίου | Βιβλιοθήκη | Τρέχουσα τοποθεσία | Barcode | Αριθμός εισαγωγής | Ημερομηνία απόκτησης | Ταξιθετικό σύμβολο | Αριθμός αντιτύπου | Κατάσταση απόσυρσης | Κατάσταση χαμένου | Κατάσταση κατεστραμμένου | Μη δανεισμός | Σύνολο δανεισμών | Ημερομηνία τελευταίας εμφάνισης | Η τιμή ισχύει από |
|---|---|---|---|---|---|---|---|---|---|---|---|---|---|---|
| Books | MC Athens Campus Library | MC Athens Campus Library | 9780000012326 | 2024 | 05/06/2025 | 332.64/4 MUR | 1 | 05/06/2025 | 05/06/2025 |